The international monetary system : (Record no. 43613)
[ view plain ]
| 000 -LEADER | |
|---|---|
| fixed length control field | 01088nam a22003258i 4500 |
| 001 - CONTROL NUMBER | |
| control field | 43613 |
| 003 - CONTROL NUMBER IDENTIFIER | |
| rucl marc code | BD-RJUL |
| 005 - DATE AND TIME OF LATEST TRANSACTION | |
| control field | 20211209053725.0 |
| 008 - FIXED-LENGTH DATA ELEMENTS--GENERAL INFORMATION | |
| fixed length control field | 160625s1979 dcua b 000 0 eng |
| 035 ## - SYSTEM CONTROL NUMBER | |
| System control number | BD-RJUL 43731 |
| System control number | (OCoLC)05675117 |
| System control number | GLIS00082072 |
| 040 ## - CATALOGING SOURCE | |
| Original cataloging agency | DLC |
| Transcribing agency | DLC |
| Modifying agency | MYG |
| -- | BD-RJUL |
| Language of cataloging | eng |
| 041 ## - LANGUAGE CODE | |
| Language code of text/sound track or separate title | eng |
| 082 ## - DEWEY DECIMAL CLASSIFICATION NUMBER | |
| Edition number | 22 |
| Classification number | 332.45 |
| Author mark and year | GRI 1970 |
| 099 ## - LOCAL FREE-TEXT CALL NUMBER (OCLC) | |
| Bangla Class number | HG3881.M88 |
| 100 1# - MAIN ENTRY--PERSONAL NAME | |
| Personal name | Grubel, Herbert G. |
| Dates associated with a name | 1921-2012. |
| 9 (RLIN) | 133998 |
| 245 14 - TITLE STATEMENT | |
| Title | The international monetary system : |
| Remainder of title | efficiency and practical alternatives / |
| Statement of responsibility, etc. | Herbert G. Grubel |
| 260 ## - PUBLICATION, DISTRIBUTION, ETC. (IMPRINT) | |
| Place of publication, distribution, etc. | Washington : |
| Name of publisher, distributor, etc. | American Enterprise Institute for Public Policy Research, |
| Date of publication, distribution, etc. | c1969 [reprint 1970] |
| 300 ## - PHYSICAL DESCRIPTION | |
| Pagination | 207 p. : |
| Illustrations | ill. ; |
| Size | 23 cm. |
| 490 1# - SERIES STATEMENT | |
| Series statement | Studies in economic policy |
| Series statement | AEI studies ; |
| Volume/sequential designation | 259 |
| 504 ## - BIBLIOGRAPHY, ETC. NOTE | |
| Bibliography, etc | Includes bibliographical references. |
| 650 #0 - SUBJECT ADDED ENTRY--TOPICAL TERM | |
| Topical term or geographic name as entry element | International finance. |
| 9 (RLIN) | 133634 |
| Topical term or geographic name as entry element | Foreign exchange. |
| 9 (RLIN) | 133999 |
| 830 #0 - SERIES ADDED ENTRY--UNIFORM TITLE | |
| Uniform title | Studies in economic policy. |
| Uniform title | AEI studies ; |
| Volume number/sequential designation | 259. |
| 942 ## - ADDED ENTRY ELEMENTS (KOHA) | |
| Source of classification or shelving scheme | Dewey Decimal Classification |
| Koha item type | Books |
| Lost status | Source of classification or shelving scheme | Damaged status | Not for loan | Collection code | Permanent Location | Current Location | Shelving location | Date acquired | Source of acquisition | Total Checkouts | Full call number | Date last seen | Copy number | Koha item type |
|---|---|---|---|---|---|---|---|---|---|---|---|---|---|---|
| Dewey Decimal Classification | Non-fiction | Central Library, University of Rajshahi | Central Library, University of Rajshahi | 14/03/1973 | Batighor, Chittagong | 332.45 GRI 1970 | 25/06/2016 | C-2 | Books |